Human Performance in Automated and Autonomous Systems : Two-Volume Set /
Gespeichert in:
| Hauptverfasser: | , |
|---|---|
| Format: | Buch |
| Sprache: | Englisch |
| Veröffentlicht: |
Boca Raton
CRC
8 October 2019
|
| Ausgabe: | 1st Ed. |
| Schlagworte: | |
| Tags: |
Keine Tags, Fügen Sie das erste Tag hinzu!
|
MARC
| LEADER | 00000nam a22000003a 4500 | ||
|---|---|---|---|
| 001 | 0098141 | ||
| 003 | SK-STU | ||
| 005 | 20221109131310.2 | ||
| 007 | ta | ||
| 008 | 221109s ----xo-----e------000-0-----d | ||
| 020 | |a 9780429458347 | ||
| 040 | |a STU |b slo | ||
| 041 | 0 | |a eng | |
| 044 | |a xxu | ||
| 100 | 1 | |a Mouloua, Mustapha |4 aut | |
| 245 | 1 | 0 | |a Human Performance in Automated and Autonomous Systems : |b Two-Volume Set / |c aut. Mustapha Mouloua, Peter A Hancock |
| 250 | |a 1st Ed. | ||
| 260 | |a Boca Raton |b CRC |c 8 October 2019 | ||
| 300 | |a 670 s. | ||
| 500 | |a eBook | ||
| 650 | 0 | 7 | |a technika a technológia |
| 700 | 1 | |a Hancock, Peter A. |4 aut | |
| 996 | |c M* DigP-408 |l M |s P |a 0 |w 0098141_0001 | ||